| 000 | nam a22 a 4500 | ||
|---|---|---|---|
| 999 |
_c350780 _d350780 |
||
| 003 | BLK | ||
| 005 | 20230404134000.0 | ||
| 008 | 200402b bu ||||| |||| 00| 0 bu d | ||
| 040 | _aBLK | ||
| 041 |
_aBUL _cBUL |
||
| 080 |
_aБългарски език _b811.163.2 _x(092) _z811.163.2(092)+929 |
||
| 080 | _b929 | ||
| 100 |
_9267910 _aМурдаров, Владко Данаилов _eпърви автор |
||
| 139 |
_aМурдаров, Владко Данаилов _bМ 95 |
||
| 245 |
_aВиена и началото на българската езикословна наука _bОчерци за бълг. учени _cВладко Мурдаров |
||
| 257 | _aBGR | ||
| 260 |
_9216179 _aСофия _bНар. просв. _c1988 _fВраца : В. Александров |
||
| 300 |
_a144 с. _bс портр., 12 л. факс. _c21 см |
||
| 380 | _a80 | ||
| 500 | _a1 754 тир. - Библиогр. с. 119-134 и под линия. - Рез. на рус., нем. ез. | ||
| 504 | _a119-134. | ||
| 650 | 0 |
_aЕзикознание, българско _9241866 |
|
| 650 | 0 |
_9241868 _aЕзиковеди, български |
|
| 852 |
_aЦб 153492 _bЦб |
||
| 942 |
_cKNG _n0 _s1 |
||
| 944 |
_kД. Г. _l2020-04-02 |
||